01007nam a2200301Ia 450000500170000000800410001702000180005810000110007624500460008725000180013330000500015149000180020150000540021952100610027365000410033465000320037565000270040765000230043470000550045794200150051226400290052733600270055633700330058333800280061604000350064408400110067999900150069020220317001428.0161108s2008 sp a g 000 f s  a97884936504451 aKurusa10aLom y los nudonescKurusa ; Isabel Ferrer a2a. edición a[32] páginasbilustraciones en colorc19 cm aPonte poronte aIncluye información biográfica de las autoras aRecomendado para un público infantil mayor de 6 años142LEMBaCuentos Infantiles Venezolanos142LEMBaLiteratura Venezolana142LEMBaAnimalesvCuento142LEMBaAseoxCuento10aFerrer Marrades, Isabeld1969-eilustradora972591 2loccBKLIT aBarcelonabEkaréc2008 atextobtxt2rdacontent asin mediaciónbn2rdamedia avolumenbnc2rdacarrier aCO-BoRNBPbspaerdacCO-BoRNBP aA KUR1 c6954d6954